The Religious experience (Motion picture) (Record no. 3522)
[ view plain ]
| 000 -LEADER | |
|---|---|
| fixed length control field | 00692cam a2200241u 4500 |
| 001 - CONTROL NUMBER | |
| control field | 0000003650 |
| 005 - DATE AND TIME OF LATEST TRANSACTION | |
| control field | 20170406115210.0 |
| 008 - FIXED-LENGTH DATA ELEMENTS--GENERAL INFORMATION | |
| fixed length control field | 851025s1971 xx 000 0 eng |
| 010 ## - LIBRARY OF CONGRESS CONTROL NUMBER | |
| LC control number | 78713372 |
| 035 ## - SYSTEM CONTROL NUMBER | |
| -- | (DLC) 78713372 |
| 040 ## - CATALOGING SOURCE | |
| Original cataloging agency | DLC |
| Transcribing agency | CarP |
| Modifying agency | DLC |
| 050 10 - LIBRARY OF CONGRESS CALL NUMBER | |
| Classification number | BL53 |
| 100 1# - MAIN ENTRY--PERSONAL NAME | |
| Personal name | Brantl,George. |
| 245 04 - TITLE STATEMENT | |
| Title | The Religious experience (Motion picture) |
| 260 ## - PUBLICATION, DISTRIBUTION, ETC. | |
| Place of publication, distribution, etc. | New york : |
| Name of publisher, distributor, etc. | McGraw-Hill, |
| Date of publication, distribution, etc. | 1964. |
| 300 ## - PHYSICAL DESCRIPTION | |
| Extent | 519. |
| 650 #0 - SUBJECT ADDED ENTRY--TOPICAL TERM | |
| Topical term or geographic name entry element | Experience (Religion) |
| 650 #0 - SUBJECT ADDED ENTRY--TOPICAL TERM | |
| Topical term or geographic name entry element | Religions. |
| 710 2# - ADDED ENTRY--CORPORATE NAME | |
| Corporate name or jurisdiction name as entry element | McGraw-Hill Book Company. |
| 830 #4 - SERIES ADDED ENTRY--UNIFORM TITLE | |
| Uniform title | The Humanities series (Motion picture) [from old catalog] |
| 908 ## - PUT COMMAND PARAMETER (RLIN) | |
| Put command parameter | 140701 |
| Withdrawn status | Lost status | Source of classification or shelving scheme | Damaged status | Not for loan | Home library | Current library | Shelving location | Date acquired | Total Checkouts | Full call number | Barcode | Date last seen | Copy number | Price effective from | Koha item type |
|---|---|---|---|---|---|---|---|---|---|---|---|---|---|---|---|
| CUZ Harare Campus | CUZ Harare Campus | Open Shelf | 06.04.2017 | PN 6071.R4 B7 | BK0004224 | 22.05.2025 | cu11235 | 06.04.2017 | OS Book | ||||||
| CUZ Harare Campus | CUZ Harare Campus | Open Shelf | 06.04.2017 | PN 6071.R4 B7 | BK0004314 | 22.05.2025 | CU11191 | 06.04.2017 | OS Book |